| 000 | 00364 a2200169 4500 | ||
|---|---|---|---|
| 001 | 188131 | ||
| 020 | _a978-85-262-4207-4 | ||
| 040 | _cMagnum | ||
| 100 | _aSantos, Joel Rufino Dos | ||
| 240 | 1 | 0 |
_aRobin hood _lpor |
| 245 | 1 | 0 | _aRobin hood |
| 300 | _a111 | ||
| 362 | 0 | _a2010 | |
| 440 | 1 | _aScipione | |
| 697 | _aLITERATURA JUVENIL ESTRANGEIRA | ||
| 942 | _cBK | ||
| 999 |
_c188131 _d188131 |
||